The 2020 Parliamentary Elections in the Slovak Republic from a Regional Perspective
Analýza parlamentných volieb v roku 2020 v Slovenskej republike z pohľadu regionálnej úspešnosti jednotlivých politických subjektov. Silné a slabé oblasti podpory jednotlivých politických strán, ktoré v celonárodnom meradle získali viac ako päť percent hlasov. Výsledky najúspešnejších politických su...
Salvato in:
| Autore principale: | |
|---|---|
| Altri autori: | |
| Natura: | Capitolo di libro |
| Lingua: | inglese |
| Soggetti: | |
| Tags: |
Nessun Tag, puoi essere il primo ad aggiungerne!!
|
MARC
| LEADER | 00000naa a2200000 4500 | ||
|---|---|---|---|
| 001 | 0274854 | ||
| 005 | 20220831102406.0 | ||
| 041 | 0 | |a eng | |
| 044 | |a SK | ||
| 245 | 1 | 0 | |a The 2020 Parliamentary Elections in the Slovak Republic from a Regional Perspective |c Peter Horváth, Erik Urc |
| 520 | |a Analýza parlamentných volieb v roku 2020 v Slovenskej republike z pohľadu regionálnej úspešnosti jednotlivých politických subjektov. Silné a slabé oblasti podpory jednotlivých politických strán, ktoré v celonárodnom meradle získali viac ako päť percent hlasov. Výsledky najúspešnejších politických subjektov na úrovni okresov. | ||
| 610 | 2 | 0 | |a voľby |
| 610 | 2 | 0 | |a politika |
| 610 | 2 | 0 | |a regióny |
| 610 | 2 | 0 | |a Slovensko |
| 100 | 1 | |a Horváth, Peter | |
| 700 | 1 | |a Urc, Erik | |